1059 1216 1644 1414 1065 1973 1681 1195 1746 1770 1634 1074 1729 1618 1768 1932 1607 1489 1819 1181 1322 1476 1339 1745 1955 1268 1217 1543 1923 1454 1074 1518 1532 1932 1910 1235 1265 1235 1382 1690 1495 1925 1300 1658 1627 1913 1497 1382 1437 1380 1426 1579 1327 1297 1794 1044 1944 1000 1436 1467 1770 1764 1810 1296 1460 1594 1292 1579 1987 1328 1862 1068 1342 1049 1727 1841 1896 1763 1751 1953 1736 1097 1720 1646 1551 1485 1347 1218 1622 1467 1784 1845 1913 1385 1667 1875 1885 1429 1649 BCNSPRNW ULIB Ver.6.0+V

เปลี่ยนเป็นภาษาไทย

Change to English
 แสดงรายละเอียดบรรณานุกรม
  กลับหน้าหลัก

Brief Record : Get Marc (ISO 2709) : E-mail record : QR code < ปิดหน้าต่าง
LEADER : 00000nam 2200000uu 4500
001    13399112034
003     ULIB
008    110725s2549||||th 000 0 tha d
020    9749411250
020    9789749411254
050  4 H62^bพ648ก 2549
100 0  พิชิต พิทักษ์เทพสมบัติ
245 10 การวิจัยเครื่องมือวิจัย =^bMethodological research /^cพิชิต พิทักษ์เทพสมบัติ
246 31 Methodology research
260    กรุงเทพฯ :^bสำนักพิมพ์เสมาธรรม,^c2549
300    230 หน้า ;^c21 ซม.
650  7 วิจัย
650  7 สังคมศาสตร์^xวิจัย
945    ^p120^l0^i021440
945    ^p120^l0^i021441
995    ทศพร
999 ^a ทศพร
รายการนี้ยังไม่มีแท็ก
คุณยังไม่ได้ล็อกอิน คุณสามารถมีกิจกรรมร่วมกับเว็บไซต์ได้ แต่ต้องล็อกอินก่อน ::
  ล็อกอิน

รายการสื่อสารสนเทศ

ลำดับที่ ประเภท เลขเรียก/บาร์โค้ด สถานที่ สถานะ
- ไม่พบข้อมูล -

รายการใกล้เคียง
    ผู้แต่ง [พิชิต พิทักษ์เทพสมบัติ]

    หัวเรื่อง [วิจัย]

BibComment


ยังไม่เคยถูกคอมเมนท์

คอมเมนท์ทรัพยากรรายการนี้
  คอมเมนท์: การวิจัยเครื่องมื..


 Copyright 2026. Bcnsprnw @Library